000 01104cam a2200277 i 4500
003 OSt
005 20230626121740.0
008 190322s2019 dcu b 101 0 eng
020 _a9781626167049
040 _cNIRUC
050 0 0 _aUA10.5
_b.R47 2019
245 0 0 _aResearching national security intelligence :
_bmultidisciplinary approaches /
_cStephen Coulthart, Michael Landon-Murray, Damien Van Puyvelde, editors.
260 _aWashington, DC
_bGeorgetown University Press
_c2019
300 _axiv, 255 p.
_c23 cm
504 _aIncludes bibliographical references
650 0 _aNational security
_xResearch
_vCongresses
650 0 _aMilitary intelligence
_xResearch
_vCongresses
650 0 _aIntelligence service
_xResearch
_vCongresses
650 0 _aNational security
_xStudy and teaching
_vCongresses
650 0 _aMilitary intelligence
_xStudy and teaching
_vCongresses
650 0 _aIntelligence service
_xStudy and teaching
_vCongresses
700 1 _aCoulthart, Stephen,
_eeditor.
700 1 _aLandon-Murray, Michael,
_eeditor.
700 1 _aVan Puyvelde, Damien,
_eeditor.
942 _2lcc
_cBK
_n0
999 _c260
_d260